000
00248nam a22000977a 4500
008
230620b xxu||||| |||| 00| 0 eng d
082
_a
307.1
_b
UND
245
_a
Saemaul 1985
_b
A new dawn rises over Taechongbong peak
300
_a
208p
942
_2
ddc
_c
BK
999
_c
1490
_d
1490